000 00822cab a2200181 4500
001 ##L132834
008 060313n2006 000 0 eng u
035 _a(Sirsi) u132834
041 0 _aeng
100 1 _aPawlyn, Richard
245 0 0 _aMapping out environmental risk
260 _c2006
490 0 _aCivil Engineering Surveyor
_vMarch 2006, 34-35(2)
520 _aReports on the increasing importance of historical maps for surveyors in tracing the land history of brownfield sites and in identifying potential contamination issues. Contains tables showing the potential risks from flooding, landfill and waste, pollution, radon, coal and subsidence in the UK's ten largest cities.
590 _aIKA140306
690 _aENVIRONMENTAL AND LAND CONSULTANCY-GEOMATICS-MAPPING AND POSITIONING-CARTOGRAPHY
942 _n0
999 _c76652
_d76652